Statistics for Typing Speed Test

Click here to take the quiz!

General Stats

  • This quiz has been taken 80 times
  • The average score is 34 of 150

Answer Stats

HintAnswer% Correct
jumpjump
100%
killkill
100%
appleapple
96%
firefire
96%
fastfast
94%
orangeorange
94%
thisthis
92%
bottlebottel
91%
computercomputer
91%
II
89%
learnlearn
87%
reigonreigon
85%
supersuper
81%
whenwhen
77%
chickenchicken
74%
reachingreaching
64%
hehe
60%
legislativelegislative
57%
chipchip
53%
helphelp
53%
ironiron
53%
randomrandom
51%
builtbuilt
49%
hiphip
49%
pourpour
49%
riprip
49%
slipslip
49%
racismracism
45%
heavyheavy
43%
ruffleruffle
43%
falsefalse
42%
winwin
42%
palepale
38%
smallsmall
38%
discorddiscord
36%
enragedenraged
36%
ifif
36%
windmillwindmill
36%
bagbag
32%
elatedelated
32%
ploughplough
32%
sternstern
32%
violinviolin
32%
arachnidarachnid
30%
kalekale
30%
clownsclowns
28%
exertexert
28%
phobiaphobia
28%
zinczinc
28%
coppercopper
26%
soonsoon
26%
souvenirsouvenir
26%
worldworld
26%
shoreshore
25%
ampleample
23%
artart
23%
representrepresent
23%
smallestsmallest
23%
drinkdrink
21%
pinpin
21%
mentalmental
19%
pantspants
19%
somebodysomebody
19%
pocketspockets
17%
tubetube
17%
ambleamble
15%
earear
15%
gobblegobble
15%
gulpgulp
15%
heatheat
15%
lengthlength
13%
smithereenssmithereens
13%
summersummer
13%
symphonysymphony
13%
waveswaves
13%
beenbeen
11%
bringbring
11%
silksilk
11%
timpanistimpanis
11%
fakefake
9%
nuggetnugget
9%
outsideoutside
9%
averageaverage
8%
cancercancer
8%
mouthmouth
8%
amiableamiable
6%
bigbig
6%
boyboy
6%
earthwormearthworm
6%
flockflock
6%
hothot
6%
lurklurk
6%
oraloral
6%
reekreek
6%
socksock
6%
sweepsweep
6%
savesave
4%
sitsit
4%
askewaskew
2%
beastbeast
2%
fatfat
2%
kickskicks
2%
shortsshorts
2%
spinespine
2%
swineswine
2%
underunder
2%
avocadoavocado
0%
ballsballs
0%
burnburn
0%
cigarcigar
0%
dogdog
0%
exportexport
0%
freakfreak
0%
gaygay
0%
girlgirl
0%
hairhair
0%
hallhall
0%
hoghog
0%
importimport
0%
jockeyjockey
0%
kittenkitten
0%
lifelife
0%
loselose
0%
manman
0%
mindmind
0%
mittenmitten
0%
mothmoth
0%
mothermother
0%
mountainmountain
0%
preciseprecise
0%
ragingraging
0%
rainbowrainbow
0%
rankrank
0%
roofroof
0%
sciencescience
0%
shareshare
0%
skullskull
0%
slapslap
0%
sleptslept
0%
slickslick
0%
spewspew
0%
stewstew
0%
swipeswipe
0%
syringesyringe
0%
thinthin
0%
tricktrick
0%
upperupper
0%
wallwall
0%
wetwet
0%
yesyes
0%

Score Distribution

Percentile by Number Answered

Percent of People with Each Score

Your Score History

You have not taken this quiz